Cội nguồn và bản sắc văn hóa Việt Nam
Sách giới thiệu khái quát về tín ngưỡng dân gian của các tộc người ở Việt Nam, một số hiện tượng văn hóa dân gian tổng thể và đặc trưng giá trị của lễ hội cổ truyền,...
Guardat en:
| Autor principal: | |
|---|---|
| Format: | Llibre |
| Idioma: | Vietnamese |
| Publicat: |
Huế
Thuận Hóa
2018
|
| Edició: | Tái bản lần thứ 1 |
| Matèries: | |
| Etiquetes: |
Afegir etiqueta
Sense etiquetes, Sigues el primer a etiquetar aquest registre!
|
| Thư viện lưu trữ: | Thư viện Trường Đại học Nam Cần Thơ |
|---|
| LEADER | 01122nam a22002177a 4500 | ||
|---|---|---|---|
| 001 | NCT_80673 | ||
| 008 | 200610b xxu||||| |||| 00| 0 vie d | ||
| 999 | |c 3958 |d 3958 | ||
| 020 | |a 9786049591297 |c 210000 | ||
| 082 | 0 | 4 | |2 23rd ed. |a 306.09597 |b B100 |
| 100 | 1 | |a Huỳnh Công Bá | |
| 245 | 1 | 0 | |a Cội nguồn và bản sắc văn hóa Việt Nam |c Huỳnh Công Bá |
| 250 | |a Tái bản lần thứ 1 | ||
| 260 | |a Huế |b Thuận Hóa |c 2018 | ||
| 300 | |a 422 tr. |c 24cm | ||
| 504 | |a Thư mục: tr.407-415 | ||
| 520 | 3 | |a Sách giới thiệu khái quát về tín ngưỡng dân gian của các tộc người ở Việt Nam, một số hiện tượng văn hóa dân gian tổng thể và đặc trưng giá trị của lễ hội cổ truyền,... | |
| 653 | |a Quản trị DV Du lịch và Lữ hành | ||
| 942 | |2 ddc |c BK | ||
| 952 | |0 0 |1 0 |2 ddc |4 0 |6 306_095970000000000_B100 |7 0 |9 19718 |a 000001 |b 000001 |d 2020-06-10 |o 306.09597 B100 |p MD.17354 |r 2020-06-10 |v 210000.00 |w 2020-06-10 |y BK | ||
| 980 | |a Thư viện Trường Đại học Nam Cần Thơ | ||


